Return Of Nature : Sustaining Architecture In The Face Of Sustainability (Record no. 16371)

MARC details
000 -LEADER
fixed length control field 00439nam a2200157Ia 4500
008 - FIXED-LENGTH DATA ELEMENTS--GENERAL INFORMATION
fixed length control field 220803s9999 xx 000 0 und d
020 ## - INTERNATIONAL STANDARD BOOK NUMBER
International Standard Book Number 9780415897891
041 ## - LANGUAGE CODE
Language code of text/sound track or separate title eng
082 ## - DEWEY DECIMAL CLASSIFICATION NUMBER
Classification number 712 COH
100 ## - MAIN ENTRY--PERSONAL NAME
Personal name Cohen P S Ed.
9 (RLIN) 25595
245 ## - TITLE STATEMENT
Title Return Of Nature : Sustaining Architecture In The Face Of Sustainability
260 ## - PUBLICATION, DISTRIBUTION, ETC. (IMPRINT)
Place of publication, distribution, etc. New York
Name of publisher, distributor, etc. Routledge
Date of publication, distribution, etc. 2014
300 ## - PHYSICAL DESCRIPTION
Extent 232p
500 ## - GENERAL NOTE
Keywords ARCHI
650 ## - SUBJECT ADDED ENTRY--TOPICAL TERM
Topical term or geographic name as entry element Landscape Architecture
9 (RLIN) 25596
Holdings
Withdrawn status Lost status Damaged status Not for loan Collection code Home library Current library Date acquired Vendor Cost, normal purchase price Full call number Barcode Date last seen Cost, replacement price Bill Date Koha item type Original Barcode
        Book of B Arch Dr. Bhanuben Nanavati College of Architecture Dr. Bhanuben Nanavati College of Architecture 24/01/2017 Suyog Enterprises 1796.64 720.47 COH BNCA-BK-10071 03/08/2022 2642.12 19/01/2017 Reference book B10071